000 01168cam a2200301 a 4500
999 _c528949
_d528949
001 4696926
003 NUST
005 20190917062708.0
008 820714s1982 dcua b 000 0 eng
010 _a 82014082
020 _a0309033217
038 _aMSOHAIL
040 _aDLC
_cDLC
_dDLC
043 _ad------
050 0 0 _aTE175
_b.N32 1982
082 0 0 _a625.74091724
_219
110 2 _aNational Research Council (U.S.).
_bTransportation Research Board.
_919676
245 1 0 _aStructural design of low-volume roads /
_cTransportation Research Board, National Research Council.
250 _aSynthesis-4
_bSynthesis: 4
260 _aWashington, D.C. :
_bNational Academy of Sciences,
_c1982.
300 _avi, 48 p. :
_bill. ;
_c28 cm.
440 0 _aTransportation technology support for developing countries.
_pSynthesis ;
_v4
_920777
500 _a"Prepared under contract AID/OTR-C-1591, project 931-1116, U.S. Agency for International Development."
504 _aIncludes bibliographical references.
650 0 _aRoads
_zDeveloping countries
_xDesign and construction.
_920778
906 _a7
_bcbc
_corignew
_d1
_eocip
_f19
_gy-gencatlg
942 _2ddc
_cBK